Sổ tay dùng từ tiếng Việt
Trình bày cách dùng chuẩn từ vựng, có phân tích những từ gần giống nhau và chỉ ra sự chính xác của việc dùng từ trong câu văn (có kèm chứng minh câu trong văn học như: sao, chép, hát, ca, xử lí, xử trí...)
Đã lưu trong:
| Tác giả chính: | |
|---|---|
| Tác giả khác: | |
| Định dạng: | Sách |
| Ngôn ngữ: | Vietnamese |
| Được phát hành: |
H.
Khoa học xã hội
2002
|
| Phiên bản: | Tái bản lần 1 có chỉnh sữa bổ sung |
| Những chủ đề: | |
| Các nhãn: |
Thêm thẻ
Không có thẻ, Là người đầu tiên thẻ bản ghi này!
|
| Thư viện lưu trữ: | Mạng thư viện Đại học Đà Nẵng |
|---|
| LEADER | 01528nam a2200385 4500 | ||
|---|---|---|---|
| 001 | 000008113 | ||
| 003 | 4295 | ||
| 005 | 20120529150542.0 | ||
| 008 | 111014s2002 viesd | ||
| 020 | |c 20000đ | ||
| 041 | 0 | |a vie | |
| 082 | |a 495.922.81 |b HO-H | ||
| 100 | 0 | |a Hoàng Văn Hành |e Tác giả | |
| 245 | 0 | |a Sổ tay dùng từ tiếng Việt |c Hoàng Văn Hành; Hoàng Phê; Đào Thản | |
| 250 | |a Tái bản lần 1 có chỉnh sữa bổ sung | ||
| 260 | |a H. |b Khoa học xã hội |c 2002 | ||
| 300 | |a 213 tr |c 21 cm | ||
| 500 | |a Trung tâm KHXH và NVQG. Viện Ngôn ngữ học | ||
| 520 | |a Trình bày cách dùng chuẩn từ vựng, có phân tích những từ gần giống nhau và chỉ ra sự chính xác của việc dùng từ trong câu văn (có kèm chứng minh câu trong văn học như: sao, chép, hát, ca, xử lí, xử trí...) | ||
| 653 | |a Sổ tay | ||
| 653 | |a Tiếng việt | ||
| 653 | |a Từ ngữ | ||
| 653 | |a Từ vựng | ||
| 700 | |a Hoàng Phê |a Đào Thản |e Tác giả | ||
| 910 | |a duyên | ||
| OWN | |a LSP | ||
| AVA | |a UDN50 |b LSP |d 495.922.81 HO-H |e available |t Error 5001 Not defined in file expand_doc_bib_avail. |f 10 |g 0 |h N |i 0 |k 1 | ||
| 999 | |a From the UDN01 | ||
| AVA | |a UDN50 |b LSP |d 495.922.81 HO-H |e available |t Error 5001 Not defined in file expand_doc_bib_avail. |f 10 |g 0 |h N |i 0 |k 1 | ||
| TYP | |a Monograph | ||
| TYP | |a Printed language | ||
| 980 | |a Mạng thư viện Đại học Đà Nẵng | ||